00789nam a2200205Ia 4500003000400000005001700004008004100021020001500062040002900077050002500106100004000131245009100171250001600262260003000278300008200308650004200390942001200432952012600444999001300570OSt20230824145032.0221021s9999||||xx |||||||||||||| ||und|| a0072489421 cChuka University Library aHD 30.213b.P67 2003 aPost, Gerald V. and David L.A.9508 0aManagement Information Systems : solving business problems with information technology a3rd edition aBostonbMcgraw-Hillc2003 axxi, 618pagesbillustrations; includes bibliographical references and indexes aManagement information systems912252 cBK2lcc 00102lcc40708LGLaCHKbCHKcGENd2022-10-21l0oHD 30.213.P67 2003p8554/2012r2022-10-21 00:00:00t1w2022-10-21yBK c413d413